[Event "Stay Safe Play From Home 263"]
[Site "Emanuel Lasker Arena"]
[Date "2020.06.29"]
[Round "8"]
[White "Broken sword"]
[Black "Praveen prasad"]
[Result "1-0"]
[WhiteElo "2453"]
[BlackElo "2249"]
[PlyCount "113"]
[EventDate "2020.06.29"]
[EventType "swiss (blitz)"]

1. d4 {[%emt 0:00:01]} d5 {[%emt 0:00:01]} 2. Nf3 {[%emt 0:00:00]} c6 {[%emt 0:00:01]} 3. c3 {[%emt 0:00:00]} Nf6 {[%emt 0:00:01]} 4. Bf4 {[%emt 0:00:00]} Bg4 {[%emt 0:00:01]} 5. Nbd2 {[%emt 0:00:01]} Bxf3 {[%emt 0:00:01]} 6. Nxf3 {[%emt 0:00:00]} e6 {[%emt 0:00:01]} 7. h3 {[%emt 0:00:00]} Bd6 {[%emt 0:00:00]} 8. Bxd6 {[%emt 0:00:01]} Qxd6 {[%emt 0:00:00]} 9. e3 {[%emt 0:00:00]} O-O {[%emt 0:00:01]} 10. Qb3 {[%emt 0:00:00]} Qc7 {[%emt 0:00:02]} 11. Be2 {[%emt 0:00:00]} Qb6 {[%emt 0:00:01]} 12. O-O {[%emt 0:00:01]} Nbd7 {[%emt 0:00:01]} 13. Rfe1 {[%emt 0:00:01]} Rfe8 {[%emt 0:00:01]} 14. Nd2 {[%emt 0:00:00]} e5 {[%emt 0:00:01]} 15. Bd3 {[%emt 0:00:00]} Qxb3 {[%emt 0:00:02]} 16. axb3 {[%emt 0:00:01]} e4 {[%emt 0:00:01]} 17. Be2 {[%emt 0:00:00]} a6 {[%emt 0:00:00]} 18. b4 {[%emt 0:00:00]} Rac8 {[%emt 0:00:01]} 19. Nb3 {[%emt 0:00:00]} Re7 {[%emt 0:00:02]} 20. Na5 {[%emt 0:00:00]} Nf8 {[%emt 0:00:01]} 21. Nb3 {[%emt 0:00:00]} N6d7 {[%emt 0:00:01]} 22. Bg4 {[%emt 0:00:01]} g6 {[%emt 0:00:02]} 23. Be2 {[%emt 0:00:01]} f5 {[%emt 0:00:01]} 24. f3 {[%emt 0:00:00]} exf3 {[%emt 0:00:03]} 25. Bxf3 {[%emt 0:00:01]} Rce8 {[%emt 0:00:00]} 26. Kf2 {[%emt 0:00:00]} Nf6 {[%emt 0:00:01]} 27. Nd2 {[%emt 0:00:01]} Ne6 {[%emt 0:00:01]} 28. Re2 {[%emt 0:00:02]} f4 {[%emt 0:00:03]} 29. e4 {[%emt 0:00:02]} dxe4 {[%emt 0:00:02]} 30. Nxe4 {[%emt 0:00:01]} Nxe4+ {[%emt 0:00:01]} 31. Rxe4 {[%emt 0:00:00]} Ng5 {[%emt 0:00:02]} 32. Rxe7 {[%emt 0:00:01]} Rxe7 {[%emt 0:00:01]} 33. Rd1 {[%emt 0:00:00]} Nxf3 {[%emt 0:00:07]} 34. Kxf3 {[%emt 0:00:00]} Re3+ {[%emt 0:00:00]} 35. Kxf4 {[%emt 0:00:01]} Re2 {[%emt 0:00:00]} 36. Kf3 {[%emt 0:00:00]} Rxb2 {[%emt 0:00:01]} 37. Rd3 {[%emt 0:00:00]} Rc2 {[%emt 0:00:02]} 38. g4 {[%emt 0:00:01]} Kf7 {[%emt 0:00:01]} 39. Ke4 {[%emt 0:00:00]} Ke6 {[%emt 0:00:01]} 40. Rf3 {[%emt 0:00:00]} h5 {[%emt 0:00:02]} 41. gxh5 {[%emt 0:00:01]} gxh5 {[%emt 0:00:00]} 42. Kd3 {[%emt 0:00:00]} Rh2 {[%emt 0:00:02]} 43. Rg3 {[%emt 0:00:01]} h4 {[%emt 0:00:01]} 44. Rg8 {[%emt 0:00:01]} Rxh3+ {[%emt 0:00:01]} 45. Kc4 {[%emt 0:00:00]} Rg3 {[%emt 0:00:00]} 46. Rh8 {[%emt 0:00:01]} h3 {[%emt 0:00:00]} 47. Rh7 {[%emt 0:00:00]} Kf5 {[%emt 0:00:01]} 48. Rxb7 {[%emt 0:00:01]} h2 {[%emt 0:00:01]} 49. Rh7 {[%emt 0:00:00]} Rg2 {[%emt 0:00:01]} 50. Kc5 {[%emt 0:00:00]} Kg4 {[%emt 0:00:00]} 51. Kxc6 {[%emt 0:00:00]} Kg3 {[%emt 0:00:00]} 52. c4 {[%emt 0:00:01]} Rc2 {[%emt 0:00:00]} 53. Kc5 {[%emt 0:00:01]} Rb2 {[%emt 0:00:02]} 54. d5 {[%emt 0:00:01]} Kg2 {[%emt 0:00:00]} 55. d6 {[%emt 0:00:01]} Rb3 {[%emt 0:00:00]} 56. d7 {[%emt 0:00:01]} Rh3 {[%emt 0:00:01]} 57. Rg7+ {[%emt 0:00:01] Time (Lag: Av=0.47s, max=1.3s) '} 1-0

[Event "Stay Safe Play From Home 263"]
[Site "Emanuel Lasker Arena"]
[Date "2020.06.29"]
[Round "8"]
[White "Jhhonnyy"]
[Black "Weltszmerc"]
[Result "0-1"]
[WhiteElo "2347"]
[BlackElo "2126"]
[PlyCount "146"]
[EventDate "2020.06.29"]
[EventType "swiss (blitz)"]

1. d4 {[%emt 0:00:01]} b6 {[%emt 0:00:01]} 2. c4 {[%emt 0:00:00]} Bb7 {[%emt 0:00:00]} 3. Nc3 {[%emt 0:00:01]} Nf6 {[%emt 0:00:00]} 4. Nf3 {[%emt 0:00:00]} e6 {[%emt 0:00:01]} 5. g3 {[%emt 0:00:00]} Be7 {[%emt 0:00:00]} 6. Bg2 {[%emt 0:00:00]} O-O {[%emt 0:00:00]} 7. O-O {[%emt 0:00:00]} Ne4 {[%emt 0:00:00]} 8. Qc2 {[%emt 0:00:01]} f5 {[%emt 0:00:00]} 9. Bf4 {[%emt 0:00:01]} Bf6 {[%emt 0:00:01]} 10. Rad1 {[%emt 0:00:02]} d6 {[%emt 0:00:01]} 11. b3 {[%emt 0:00:01]} Nxc3 {[%emt 0:00:01]} 12. Qxc3 {[%emt 0:00:00]} Nd7 {[%emt 0:00:01]} 13. Qc2 {[%emt 0:00:01]} g6 {[%emt 0:00:01]} 14. Rfe1 {[%emt 0:00:01]} Qe7 {[%emt 0:00:01]} 15. h4 {[%emt 0:00:01]} e5 {[%emt 0:00:03]} 16. dxe5 {[%emt 0:00:01]} dxe5 {[%emt 0:00:00]} 17. Bg5 {[%emt 0:00:00]} e4 {[%emt 0:00:02]} 18. Bxf6 {[%emt 0:00:01]} Nxf6 {[%emt 0:00:01]} 19. Nd4 {[%emt 0:00:02]} Rad8 {[%emt 0:00:02]} 20. Nb5 {[%emt 0:00:01]} a6 {[%emt 0:00:01]} 21. Nc3 {[%emt 0:00:01]} e3 {[%emt 0:00:01]} 22. Bxb7 {[%emt 0:00:01]} exf2+ {[%emt 0:00:01]} 23. Kxf2 {[%emt 0:00:00]} Ng4+ {[%emt 0:00:00]} 24. Kg1 {[%emt 0:00:02]} Qe3+ {[%emt 0:00:01]} 25. Kh1 {[%emt 0:00:01]} Qf2 {[%emt 0:00:03]} 26. Bg2 {[%emt 0:00:01]} Qxg3 {[%emt 0:00:01]} 27. Kg1 {[%emt 0:00:01]} Qf2+ {[%emt 0:00:02]} 28. Kh1 {[%emt 0:00:01]} Qxh4+ {[%emt 0:00:00]} 29. Kg1 {[%emt 0:00:00]} Qh2+ {[%emt 0:00:01]} 30. Kf1 {[%emt 0:00:01]} Ne3+ {[%emt 0:00:01]} 31. Kf2 {[%emt 0:00:01]} Qf4+ {[%emt 0:00:02]} 32. Bf3 {[%emt 0:00:02]} Nxc2 {[%emt 0:00:01]} 33. Nd5 {[%emt 0:00:01]} Qh2+ {[%emt 0:00:02]} 34. Kf1 {[%emt 0:00:01]} Rxd5 {[%emt 0:00:03]} 35. Bxd5+ {[%emt 0:00:00]} Kg7 {[%emt 0:00:02]} 36. Rd3 {[%emt 0:00:00]} Nxe1 {[%emt 0:00:02]} 37. Kxe1 {[%emt 0:00:01]} Rd8 {[%emt 0:00:01]} 38. Kd2 {[%emt 0:00:01]} c6 {[%emt 0:00:00]} 39. Bxc6 {[%emt 0:00:01]} Rxd3+ {[%emt 0:00:00]} 40. Kxd3 {[%emt 0:00:00]} Qd6+ {[%emt 0:00:01]} 41. Bd5 {[%emt 0:00:01]} Kf6 {[%emt 0:00:00]} 42. Kc3 {[%emt 0:00:02]} Ke5 {[%emt 0:00:00]} 43. b4 {[%emt 0:00:00]} a5 {[%emt 0:00:00]} 44. a3 {[%emt 0:00:01]} axb4+ {[%emt 0:00:00]} 45. axb4 {[%emt 0:00:00]} f4 {[%emt 0:00:01]} 46. Bf3 {[%emt 0:00:01]} g5 {[%emt 0:00:01]} 47. Bg4 {[%emt 0:00:01]} Qd4+ {[%emt 0:00:00]} 48. Kb3 {[%emt 0:00:01]} Qd1+ {[%emt 0:00:01]} 49. Ka3 {[%emt 0:00:02]} Qc1+ {[%emt 0:00:02]} 50. Kb3 {[%emt 0:00:02]} Kd4 {[%emt 0:00:00]} 51. Be6 {[%emt 0:00:02]} Qc3+ {[%emt 0:00:01]} 52. Ka4 {[%emt 0:00:01]} h5 {[%emt 0:00:01]} 53. Kb5 {[%emt 0:00:01]} h4 {[%emt 0:00:00]} 54. c5 {[%emt 0:00:00]} bxc5 {[%emt 0:00:02]} 55. bxc5 {[%emt 0:00:00]} Qxc5+ {[%emt 0:00:00]} 56. Ka4 {[%emt 0:00:00]} Ke3 {[%emt 0:00:01]} 57. Bg4 {[%emt 0:00:02]} Kd2 {[%emt 0:00:01]} 58. Kb3 {[%emt 0:00:01]} Qc3+ {[%emt 0:00:02]} 59. Ka4 {[%emt 0:00:01]} h3 {[%emt 0:00:00]} 60. Bxh3 {[%emt 0:00:01]} Kxe2 {[%emt 0:00:00]} 61. Bg4+ {[%emt 0:00:01]} Kd2 {[%emt 0:00:00]} 62. Kb5 {[%emt 0:00:00]} f3 {[%emt 0:00:00]} 63. Bxf3 {[%emt 0:00:01]} Qxf3 {[%emt 0:00:01]} 64. Kc5 {[%emt 0:00:01]} Qc3+ {[%emt 0:00:00]} 65. Kd6 {[%emt 0:00:00]} g4 {[%emt 0:00:00]} 66. Kd5 {[%emt 0:00:00]} g3 {[%emt 0:00:00]} 67. Ke4 {[%emt 0:00:00]} g2 {[%emt 0:00:00]} 68. Kd5 {[%emt 0:00:00]} g1=Q {[%emt 0:00:00]} 69. Ke6 {[%emt 0:00:00]} Qg4+ {[%emt 0:00:00]} 70. Kd5 {[%emt 0:00:01]} Qa5+ {[%emt 0:00:00]} 71. Kd6 {[%emt 0:00:01]} Qg6+ {[%emt 0:00:00]} 72. Ke7 {[%emt 0:00:00]} Qa7+ {[%emt 0:00:00]} 73. Kf8 {[%emt 0:00:00]} Qgf7# {[%emt 0:00:01] (Lag: Av=0.56s, max=1.1s)} 0-1

[Event "Stay Safe Play From Home 263"]
[Site "Emanuel Lasker Arena"]
[Date "2020.06.29"]
[Round "8"]
[White "Tolka"]
[Black "BrainThinker22"]
[Result "1-0"]
[WhiteElo "2319"]
[BlackElo "2250"]
[Annotator "NA"]
[PlyCount "103"]
[EventDate "2020.06.29"]
[EventType "swiss (blitz)"]

1. e4 {[%emt 0:00:01]} c6 {[%emt 0:00:00]} 2. Nc3 {[%emt 0:00:00]} d5 {[%emt 0:00:00]} 3. Nf3 {[%emt 0:00:01]} Bg4 {[%emt 0:00:01]} 4. h3 {[%emt 0:00:01]} Bxf3 {[%emt 0:00:00]} 5. Qxf3 {[%emt 0:00:00]} e6 {[%emt 0:00:00]} 6. Be2 {[%emt 0:00:01]} Nf6 {[%emt 0:00:00]} 7. O-O {[%emt 0:00:00]} Nbd7 {[%emt 0:00:00]} 8. Rd1 {[%emt 0:00:01]} Ne5 {[%emt 0:00:02]} 9. Qg3 {[%emt 0:00:01]} Bd6 {[%emt 0:00:00]} 10. d4 {[%emt 0:00:06]} Nc4 {[%emt 0:00:05]} 11. e5 {[%emt 0:00:01]} Bc7 {[%emt 0:00:00]} 12. Bxc4 {[%emt 0:00:03]} dxc4 {[%emt 0:00:01]} 13. Qxg7 {[%emt 0:00:00]} Rg8 {[%emt 0:00:01]} 14. Qxf6 {[%emt 0:00:01]} Qxf6 {[%emt 0:00:00]} 15. exf6 {[%emt 0:00:00]} O-O-O {[%emt 0:00:00]} 16. Be3 {[%emt 0:00:02]} Rg6 {[%emt 0:00:01]} 17. Ne4 {[%emt 0:00:01]} Rdg8 {[%emt 0:00:01]} 18. g3 {[%emt 0:00:00]} h5 {[%emt 0:00:02]} 19. Kg2 {[%emt 0:00:01]} b6 {[%emt 0:00:02]} 20. a4 {[%emt 0:00:01]} Kb7 {[%emt 0:00:01]} 21. a5 {[%emt 0:00:01]} b5 {[%emt 0:00:01]} 22. a6+ {[%emt 0:00:00]} Kc8 {[%emt 0:00:01]} 23. c3 {[%emt 0:00:02]} Bb6 {[%emt 0:00:02]} 24. Nd6+ {[%emt 0:00:02]} Kd7 {[%emt 0:00:01]} 25. Nxf7 {[%emt 0:00:00]} Rxf6 {[%emt 0:00:01]} 26. Ne5+ {[%emt 0:00:01]} Kc7 {[%emt 0:00:01]} 27. f4 {[%emt 0:00:06]} h4 {[%emt 0:00:02]} 28. g4 {[%emt 0:00:01]} Kd6 {[%emt 0:00:03]} 29. Kf3 {[%emt 0:00:01]} Bc7 {[%emt 0:00:01]} 30. Ke4 {[%emt 0:00:01]} Rgf8 {[%emt 0:00:04]} 31. Rf1 {[%emt 0:00:01]} Rg8 {[%emt 0:00:01]} 32. Rf2 {[%emt 0:00:01]} Rgf8 {[%emt 0:00:01]} 33. Raf1 {[%emt 0:00:00]} Rg8 {[%emt 0:00:01]} 34. f5 {[%emt 0:00:01]} exf5+ {[%emt 0:00:02]} 35. Rxf5 {[%emt 0:00:00]} Re6 {[%emt 0:00:01]} 36. Rf6 {[%emt 0:00:01]} Rge8 {[%emt 0:00:01]} 37. Rxe6+ {[%emt 0:00:01]} Kxe6 {[%emt 0:00:00]} 38. Rf5 {[%emt 0:00:01]} Bd6 {[%emt 0:00:01]} 39. Bf4 {[%emt 0:00:01]} Rc8 {[%emt 0:00:01]} 40. Rh5 {[%emt 0:00:01]} c5 {[%emt 0:00:01]} 41. Rh6+ {[%emt 0:00:01]} Ke7 {[%emt 0:00:00]} 42. Rh7+ {[%emt 0:00:01]} Ke6 {[%emt 0:00:01]} 43. d5+ {[%emt 0:00:01]} Kf6 {[%emt 0:00:01]} 44. Rh6+ {[%emt 0:00:02]} Kg7 {[%emt 0:00:01]} 45. Rxd6 {[%emt 0:00:01]} b4 {[%emt 0:00:00]} 46. Rd7+ {[%emt 0:00:00]} Kg8 {[%emt 0:00:01]} 47. Nf7 {[%emt 0:00:01]} Re8+ {[%emt 0:00:01]} 48. Kf5 {[%emt 0:00:01]} Rf8 {[%emt 0:00:00]} 49. Kg6 {[%emt 0:00:01]} Rxf7 {[%emt 0:00:00]} 50. Rxf7 {[%emt 0:00:01]} bxc3 {[%emt 0:00:01]} 51. Bh6 {[%emt 0:00:00]} cxb2 {[%emt 0:00:02]} 52. Rf8# {[%emt 0:00:00] (Lag: Av=0.35s, max=1.3s)} 1-0

[Event "Stay Safe Play From Home 263"]
[Site "Emanuel Lasker Arena"]
[Date "2020.06.29"]
[Round "8"]
[White "Lamborghini"]
[Black "Bardellosport"]
[Result "1-0"]
[WhiteElo "2281"]
[BlackElo "2042"]
[Annotator "TA"]
[PlyCount "67"]
[EventDate "2020.06.29"]
[EventType "swiss (blitz)"]

{[%evp 9,67,60,80,66,102,85,102,81,102,92,145,47,44,16,92,24,129,8,500,61,960,563,565,331,348,325,329,350,375,376,375,369,369,361,563,555,577,567,489,489,577,489,914,879,877,862,912,845,908,953,3130,2924,29977,29978,29977,10879,29973,2437,29990,29991]} 1. e4 d6 2. d4 g6 3. Nc3 Bg7 4. Be3 e6 5. Qd2 h6 6. O-O-O {B06: Modern Defence.} b6 7. f3 Bb7 8. g4 {White is better.} Nd7 9. h4 h5 ({Black should play} 9... Ne7) 10. g5 (10. gxh5 $16 Rxh5 11. Kb1) 10... Ne7 $14 {[#]} 11. Bh3 $146 ({Predecessor:} 11. Nge2 a6 12. Ng3 b5 13. d5 e5 14. Bh3 Nc8 15. Nce2 Ncb6 16. b3 a5 17. Rhf1 {0-1 (46) Arsenault,N (2138)-Welling,G (2369) Caleta 2005}) 11... c5 (11... a6 $11 {keeps the balance.}) 12. dxc5 ({Better is} 12. Nb5 $16 Nc8 13. dxc5) 12... dxc5 {[#]} (12... d5 $11) 13. Nge2 (13. Nb5 $1 $16 {[%cal Rb5d6]} Bc6 14. Nd6+ Kf8 15. Kb1) 13... Qc7 $2 {[%mdl 8192] White now steadily converts the win.} (13... Ne5 $11) 14. Bf4 $2 (14. Nb5 $18 Qc6 15. Nd6+ Kf8 16. Nxb7) 14... Be5 $2 {[%mdl 8192]} (14... Qc6 $14) 15. Bxe5 Nxe5 16. f4 {Threatens to win with Nb5.} Nc4 17. Qd3 Ba6 18. b3 {[%cal Bb2b3,Bb3c4,Bc4b5][%mdl 32]} Rd8 19. Qxd8+ Qxd8 20. Rxd8+ Kxd8 21. bxc4 Kc7 (21... Bxc4 $142 22. Ng1 Nc6) 22. Nb5+ $18 Bxb5 23. cxb5 Re8 24. Rd1 Nc8 25. e5 a6 (25... Ne7 $142 26. a4 Nd5) 26. Nc3 a5 27. Ne4 Na7 28. Nd6 Rf8 29. c4 a4 30. Kc2 Nc8 31. Nxc8 Rxc8 32. Rd6 Ra8 33. Kc3 (33. Bg2 $142 Rb8 34. a3 Rf8 35. Rc6+ Kd7 36. Rxb6 Rd8 37. Rb7+ Ke8 38. b6) 33... Kb7 34. Bg2+ {[%mdl 64] Skewer. Accuracy: White = 50%, Black = 17%.} 1-0

[Event "Stay Safe Play From Home 263"]
[Site "Emanuel Lasker Arena"]
[Date "2020.06.29"]
[Round "8"]
[White "Fischer_11"]
[Black "Uber_WING"]
[Result "0-1"]
[WhiteElo "1926"]
[BlackElo "2461"]
[Annotator "NA"]
[PlyCount "114"]
[EventDate "2020.06.29"]
[EventType "swiss (blitz)"]

1. e4 {[%emt 0:00:02]} d5 {[%emt 0:00:00]} 2. a3 {[%emt 0:00:01]} dxe4 {[%emt 0:00:01]} 3. Nc3 {[%emt 0:00:00]} Nf6 {[%emt 0:00:01]} 4. Qe2 {[%emt 0:00:00]} Nc6 {[%emt 0:00:01]} 5. Nxe4 {[%emt 0:00:00]} Bf5 {[%emt 0:00:00]} 6. Nxf6+ {[%emt 0:00:01]} gxf6 {[%emt 0:00:00]} 7. c3 {[%emt 0:00:01]} e6 {[%emt 0:00:01]} 8. d4 {[%emt 0:00:00]} h5 {[%emt 0:00:01]} 9. Nf3 {[%emt 0:00:00]} Bh6 {[%emt 0:00:01]} 10. Bxh6 {[%emt 0:00:02]} Rxh6 {[%emt 0:00:00]} 11. g3 {[%emt 0:00:00]} Qd7 {[%emt 0:00:01]} 12. Bg2 {[%emt 0:00:01]} O-O-O {[%emt 0:00:00]} 13. O-O {[%emt 0:00:02]} Re8 {[%emt 0:00:00]} 14. Qd2 {[%emt 0:00:01]} Rhh8 {[%emt 0:00:01]} 15. Rfe1 {[%emt 0:00:02]} Na5 {[%emt 0:00:01]} 16. Nh4 {[%emt 0:00:01]} Nb3 {[%emt 0:00:01]} 17. Qd1 {[%emt 0:00:06]} Nxa1 {[%emt 0:00:02]} 18. Nxf5 {[%emt 0:00:03]} exf5 {[%emt 0:00:01]} 19. Qxa1 {[%emt 0:00:01]} Rxe1+ {[%emt 0:00:01]} 20. Qxe1 {[%emt 0:00:00]} Re8 {[%emt 0:00:00]} 21. Qd1 {[%emt 0:00:02] Fischer_11 bietet Remis} Qb5 {[%emt 0:00:03]} 22. b4 {[%emt 0:00:07]} Qe2 {[%emt 0:00:01]} 23. Qxe2 {[%emt 0:00:02]} Rxe2 {[%emt 0:00:00]} 24. Bf3 {[%emt 0:00:00]} Rc2 {[%emt 0:00:04]} 25. Bxh5 {[%emt 0:00:00]} Rxc3 {[%emt 0:00:01]} 26. Bxf7 {[%emt 0:00:01]} Kd8 {[%emt 0:00:01]} 27. h4 {[%emt 0:00:01]} Ke7 {[%emt 0:00:02]} 28. Bd5 {[%emt 0:00:02]} c6 {[%emt 0:00:01]} 29. Bg8 {[%emt 0:00:04]} f4 {[%emt 0:00:01]} 30. Kg2 {[%emt 0:00:01]} fxg3 {[%emt 0:00:01]} 31. fxg3 {[%emt 0:00:00]} Rxa3 {[%emt 0:00:01]} 32. h5 {[%emt 0:00:01]} Kf8 {[%emt 0:00:00]} 33. Be6 {[%emt 0:00:03]} Kg7 {[%emt 0:00:01]} 34. g4 {[%emt 0:00:01]} Kh6 {[%emt 0:00:01]} 35. d5 {[%emt 0:00:03]} cxd5 {[%emt 0:00:01]} 36. Bxd5 {[%emt 0:00:00]} b6 {[%emt 0:00:00]} 37. b5 {[%emt 0:00:01]} Kg5 {[%emt 0:00:00]} 38. Bc6 {[%emt 0:00:01]} Rc3 {[%emt 0:00:01]} 39. Kf2 {[%emt 0:00:02]} a5 {[%emt 0:00:01]} 40. bxa6 {[%emt 0:00:01]} Rxc6 {[%emt 0:00:01]} 41. a7 {[%emt 0:00:00]} Rc8 {[%emt 0:00:00]} 42. h6 {[%emt 0:00:00]} Kxh6 {[%emt 0:00:01]} 43. g5+ {[%emt 0:00:01]} Kxg5 {[%emt 0:00:01]} 44. Ke3 {[%emt 0:00:00]} Ra8 {[%emt 0:00:00]} 45. Kd4 {[%emt 0:00:01]} Rxa7 {[%emt 0:00:00]} 46. Kc4 {[%emt 0:00:00]} Re7 {[%emt 0:00:00]} 47. Kb5 {[%emt 0:00:00]} Re5+ {[%emt 0:00:01]} 48. Kxb6 {[%emt 0:00:00]} Kf5 {[%emt 0:00:00]} 49. Kc6 {[%emt 0:00:01]} Ke6 {[%emt 0:00:00]} 50. Kc7 {[%emt 0:00:01]} f5 {[%emt 0:00:00]} 51. Kc8 {[%emt 0:00:00]} f4 {[%emt 0:00:00]} 52. Kc7 {[%emt 0:00:00]} f3 {[%emt 0:00:00]} 53. Kc8 {[%emt 0:00:00]} f2 {[%emt 0:00:00]} 54. Kb7 {[%emt 0:00:00]} f1=Q {[%emt 0:00:00]} 55. Ka8 {[%emt 0:00:00]} Re2 {[%emt 0:00:00]} 56. Kb7 {[%emt 0:00:00]} Qb1+ {[%emt 0:00:00]} 57. Ka8 {[%emt 0:00:00]} Ra2# {[%emt 0:00:00] (Lag: Av=0.75s, max=1.1s)} 0-1

[Event "Stay Safe Play From Home 263"]
[Site "Emanuel Lasker Arena"]
[Date "2020.06.29"]
[Round "8"]
[White "NeatFox"]
[Black "Trotsky"]
[Result "1-0"]
[WhiteElo "1804"]
[BlackElo "1627"]
[Annotator "NA"]
[PlyCount "47"]
[EventDate "2020.06.29"]
[EventType "swiss (blitz)"]

1. g4 {[%emt 0:00:02]} c5 {[%emt 0:00:01]} 2. Bg2 {[%emt 0:00:01]} e6 {[%emt 0:00:00]} 3. c4 {[%emt 0:00:00]} d5 {[%emt 0:00:01]} 4. cxd5 {[%emt 0:00:01]} exd5 {[%emt 0:00:02]} 5. Qb3 {[%emt 0:00:00]} c4 {[%emt 0:00:04]} 6. Qf3 {[%emt 0:00:03]} Nf6 {[%emt 0:00:05]} 7. g5 {[%emt 0:00:01]} Ne4 {[%emt 0:00:02]} 8. h4 {[%emt 0:00:01]} Nc6 {[%emt 0:00:02]} 9. d3 {[%emt 0:00:01]} cxd3 {[%emt 0:00:01]} 10. exd3 {[%emt 0:00:00]} Qa5+ {[%emt 0:00:06]} 11. Bd2 {[%emt 0:00:02]} Nxd2 {[%emt 0:00:02]} 12. Nxd2 {[%emt 0:00:00]} Nd4 {[%emt 0:00:05]} 13. Qxd5 {[%emt 0:00:01]} Nc2+ {[%emt 0:00:04]} 14. Kd1 {[%emt 0:00:01]} Bg4+ {[%emt 0:00:02]} 15. Ne2 {[%emt 0:00:02]} Bxe2+ {[%emt 0:00:03]} 16. Kxe2 {[%emt 0:00:01]} Rd8 {[%emt 0:00:06]} 17. Qxa5 {[%emt 0:00:02]} Bd6 {[%emt 0:00:03]} 18. Rac1 {[%emt 0:00:02]} Nd4+ {[%emt 0:00:03]} 19. Kd1 {[%emt 0:00:01]} O-O {[%emt 0:00:01]} 20. Nf3 {[%emt 0:00:02]} b6 {[%emt 0:00:01]} 21. Qd2 {[%emt 0:00:02]} a5 {[%emt 0:00:02]} 22. Nxd4 {[%emt 0:00:01]} Bb4 {[%emt 0:00:02]} 23. Qf4 {[%emt 0:00:02]} Rd7 {[%emt 0:00:02]} 24. Nc6 {[%emt 0:00:01] . Âðåìÿ (Lag: Av=0.28s, max=0.8s)} 1-0

[Event "Stay Safe Play From Home 263"]
[Site "Emanuel Lasker Arena"]
[Date "2020.06.29"]
[Round "8"]
[White "Bishop91"]
[Black "Edmatuag"]
[Result "1-0"]
[WhiteElo "1776"]
[BlackElo "1680"]
[Annotator "NA"]
[PlyCount "83"]
[EventDate "2020.06.29"]
[EventType "swiss (blitz)"]

1. e4 {[%emt 0:00:05]} Nf6 {[%emt 0:00:00]} 2. e5 {[%emt 0:00:01]} Nd5 {[%emt 0:00:01]} 3. d4 {[%emt 0:00:00]} d6 {[%emt 0:00:02]} 4. c4 {[%emt 0:00:00]} Nb6 {[%emt 0:00:01]} 5. Nc3 {[%emt 0:00:00]} dxe5 {[%emt 0:00:02]} 6. Nf3 {[%emt 0:00:00]} exd4 {[%emt 0:00:01]} 7. Qxd4 {[%emt 0:00:00]} Qxd4 {[%emt 0:00:01]} 8. Nxd4 {[%emt 0:00:00]} Nc6 {[%emt 0:00:02]} 9. Nxc6 {[%emt 0:00:01]} bxc6 {[%emt 0:00:01]} 10. Bf4 {[%emt 0:00:02]} e6 {[%emt 0:00:04]} 11. O-O-O {[%emt 0:00:00]} Ba6 {[%emt 0:00:02]} 12. Bxc7 {[%emt 0:00:01]} Bc5 {[%emt 0:00:03]} 13. b3 {[%emt 0:00:04]} O-O {[%emt 0:00:02]} 14. Ne4 {[%emt 0:00:01]} Ba3+ {[%emt 0:00:02]} 15. Kc2 {[%emt 0:00:01]} Nd5 {[%emt 0:00:03]} 16. cxd5 {[%emt 0:00:02]} cxd5 {[%emt 0:00:00]} 17. Nd6 {[%emt 0:00:01]} Rac8 {[%emt 0:00:02]} 18. Bxa6 {[%emt 0:00:06]} Bxd6 {[%emt 0:00:03]} 19. Kd3 {[%emt 0:00:00]} Rxc7 {[%emt 0:00:02]} 20. Rc1 {[%emt 0:00:01]} Rb8 {[%emt 0:00:05]} 21. Rxc7 {[%emt 0:00:02]} Bxc7 {[%emt 0:00:00]} 22. Rc1 {[%emt 0:00:02]} Bb6 {[%emt 0:00:00]} 23. Rc8+ {[%emt 0:00:02]} Rxc8 {[%emt 0:00:01]} 24. Bxc8 {[%emt 0:00:00]} Kf8 {[%emt 0:00:00]} 25. f3 {[%emt 0:00:01]} Ke7 {[%emt 0:00:01]} 26. h3 {[%emt 0:00:00]} Kd6 {[%emt 0:00:01]} 27. Ba6 {[%emt 0:00:00]} f6 {[%emt 0:00:01]} 28. a3 {[%emt 0:00:00]} e5 {[%emt 0:00:01]} 29. b4 {[%emt 0:00:01]} g6 {[%emt 0:00:01]} 30. Bb5 {[%emt 0:00:01]} f5 {[%emt 0:00:02]} 31. Be8 {[%emt 0:00:00]} e4+ {[%emt 0:00:01]} 32. fxe4 {[%emt 0:00:01]} fxe4+ {[%emt 0:00:01]} 33. Ke2 {[%emt 0:00:00]} Ke5 {[%emt 0:00:00]} 34. Bf7 {[%emt 0:00:01]} d4 {[%emt 0:00:01]} 35. Bg8 {[%emt 0:00:00]} d3+ {[%emt 0:00:01]} 36. Kd1 {[%emt 0:00:00]} Kf6 {[%emt 0:00:01]} 37. Bxh7 {[%emt 0:00:01]} Kg7 {[%emt 0:00:01]} 38. Bxg6 {[%emt 0:00:01]} Kxg6 {[%emt 0:00:00]} 39. g4 {[%emt 0:00:00]} Kf6 {[%emt 0:00:01]} 40. h4 {[%emt 0:00:00]} Ke5 {[%emt 0:00:01]} 41. h5 {[%emt 0:00:01]} Kf4 {[%emt 0:00:01]} 42. h6 {[%emt 0:00:00] Time (Lag: Av=0.45s, max=0.7s)} 1-0